Concrete blocks (Record no. 8419)

MARC details
000 -LEADER
fixed length control field 01488cab a2200205 4500
001 - CONTROL NUMBER
control field ABS38888
008 - FIXED-LENGTH DATA ELEMENTS--GENERAL INFORMATION
fixed length control field 090401t1988 xxu||||| |||| 00| 0 eng d
035 ## - SYSTEM CONTROL NUMBER
System control number (Sirsi) u13092
041 ## - LANGUAGE CODE
Language code of text/sound track or separate title eng
245 ## - TITLE STATEMENT
Title Concrete blocks
260 ## - PUBLICATION, DISTRIBUTION, ETC.
Date of publication, distribution, etc. 1988
350 ## - PRICE (NR) (BK AM CF MU VM SE) [OBSOLETE]
Price 0
490 ## - SERIES STATEMENT
Series statement Building
Volume/sequential designation Supplement 25 March 1988, (50)
520 ## - SUMMARY, ETC.
Summary, etc. A Building Product Supplement on the concrete block industry. Considers the implications for the industry of the proposed Europe an trade harmonization in 1992 involving the drawing up of the new Eurocodes and supporting standards . Discusses how architects can protect themselves from negligence claims resulting from a building design or material fault by becoming insured and insisting that manufacturers supply materials which have quality assurance . Reports on how manufacturers Aerated Concrete, Celcon Blocks, Thermalite and Tarmac Topblock gained their Agrement Certificate s and looks at how concrete block makers have responded to more stringent thermal insulation regulations. Describes a new concrete block, Aircrete and looks at two applications. Describes how the company Rebastone are successfully producing blocks which blend with natural stone and the use of concrete as a facing material. Explains how careful packaging of blocks can cut building costs and why masonry blocks hav
650 ## - SUBJECT ADDED ENTRY--TOPICAL TERM
Topical term or geographic name entry element EEC
650 ## - SUBJECT ADDED ENTRY--TOPICAL TERM
Topical term or geographic name entry element PROFESSIONAL INDEMNITY INSURANCE
690 ## - LOCAL SUBJECT ADDED ENTRY--TOPICAL TERM (OCLC, RLIN)
Topical term or geographic name as entry element BUILT ENVIRONMENT-BUILDING MATERIALS
942 ## - ADDED ENTRY ELEMENTS (KOHA)
Suppress in OPAC 0
948 ## - LOCAL PROCESSING INFORMATION (OCLC); SERIES PART DESIGNATOR (RLIN)
c (OCLC) 04/03/1997
Holdings
Withdrawn status Lost status Source of classification or shelving scheme Damaged status Not for loan Home library Current library Shelving location Date acquired Total Checkouts Full call number Barcode Date last seen Copy number Price effective from Koha item type
    Dewey Decimal Classification     London London Journal article 14/07/1995   ABS38888 30048541 06/08/2019 1 06/08/2019 Journal article